| Tag |
First Indicator |
Second Indicator |
Subfields |
| LEADER |
00000nam a2200000 i 4500 |
| 001 |
in00005504449 |
| 006 |
m o d |
| 007 |
cr |n||||||||n |
| 008 |
210416s2010||||nyu|||||o|||||||||||eng|| |
| 005 |
20241008175923.8 |
| 010 |
|
|
|z 2010001714
|
| 020 |
|
|
|a 9780071545914
|
| 020 |
|
|
|a 0071753117
|
| 035 |
|
|
|a (OCoLC)639015314
|
| 035 |
|
|
|a (IN-ChSCO)ccn00310131
|
| 040 |
|
|
|a IN-ChSCO
|b eng
|e rda
|
| 041 |
0 |
|
|a eng
|
| 050 |
|
4 |
|a TG315
|
| 082 |
0 |
4 |
|a 624.2028/8
|2 22
|
| 100 |
1 |
|
|a Khan, Mohiuddin A.,
|e author.
|
| 245 |
1 |
0 |
|a Bridge and highway structure rehabilitation and repair /
|c Mohiuddin A. Khan.
|
| 250 |
|
|
|a First edition.
|
| 264 |
|
1 |
|a New York, N.Y. :
|b McGraw-Hill Education,
|c [2010]
|
| 264 |
|
4 |
|c 2010
|
| 300 |
|
|
|a 1 online resource (xxiii, 632 pages) :
|b illustrations.
|
| 336 |
|
|
|a text
|b txt
|2 rdacontent
|
| 337 |
|
|
|a computer
|b c
|2 rdamedia
|
| 338 |
|
|
|a online resource
|b cr
|2 rdacarrier
|
| 490 |
1 |
|
|a McGraw-Hill's AccessEngineering
|
| 500 |
|
|
|a Print version c2010.
|
| 504 |
|
|
|a Includes bibliographical references and index.
|
| 505 |
0 |
|
|a Section 1. Administrative issues -- Section 2. Strengthening and repair work -- Section 3. Repair and retrofit methods.
|
| 520 |
0 |
|
|a With a wealth of concise explanations; solved examples; and case studies; this book offers guidance on the latest design techniques; repair methods; specialized software; materials; and advanced maintenance procedures for bridges and highway structures.
|
| 530 |
|
|
|a Also available in print edition.
|
| 533 |
|
|
|a Electronic reproduction.
|b New York, N.Y. :
|c McGraw Hill,
|d 2010.
|n Mode of access: World Wide Web.
|n System requirements: Web browser.
|n Access may be restricted to users at subscribing institutions.
|
| 538 |
|
|
|a Mode of access: Internet via World Wide Web.
|
| 546 |
|
|
|a In English.
|
| 588 |
|
|
|a Description based on cover image and table of contents, viewed on August 28, 2010.
|
| 650 |
|
0 |
|a Bridges
|x Maintenance and repair.
|
| 650 |
|
0 |
|a Bridges
|x Design and construction.
|
| 655 |
|
7 |
|a Electronic books.
|2 local
|
| 710 |
2 |
|
|a McGraw-Hill Companies.
|
| 740 |
0 |
2 |
|a Overview of bridge engineering.
|
| 740 |
0 |
2 |
|a Diagnostic design and selective reconstruction.
|
| 740 |
0 |
2 |
|a Bridge failure studies and safety engineering.
|
| 740 |
3 |
2 |
|a An analytical approach to fracture and failure.
|
| 740 |
0 |
2 |
|a Load and resistance factor rating and redesign.
|
| 740 |
0 |
2 |
|a Applications of bridge design and rating methods.
|
| 740 |
0 |
2 |
|a Bridge widening and deck replacement strategy.
|
| 740 |
0 |
2 |
|a Inspection, rating and health monitoring techniques.
|
| 740 |
0 |
2 |
|a Conventional repair methods.
|
| 740 |
0 |
2 |
|a Concrete repair methods.
|
| 740 |
0 |
2 |
|a Advanced repair methods.
|
| 740 |
0 |
2 |
|a Protection of bridges against extreme events.
|
| 776 |
0 |
|
|i Print version:
|t Bridge and highway structure rehabilitation and repair.
|b First edition.
|d New York, N.Y. : McGraw-Hill Education, 2010
|w (OCoLC)166390342
|
| 830 |
|
0 |
|a McGraw-Hill's AccessEngineering.
|
| 856 |
4 |
0 |
|u http://proxy.library.tamu.edu/login?url=https://www.accessengineeringlibrary.com/content/book/9780071545914
|z Connect to the full text of this electronic book
|t 0
|
| 949 |
|
|
|a TG 315
|w LC
|c 1
|i 310131-1001
|d 12/28/2011
|l MAIN
|m MGH
|q 2
|r Y
|s Y
|t WEB
|u 8/30/2010
|x ENG
|
| 997 |
|
|
|a (c)2010 Cassidy Cataloguing Services, Inc.
|
| 999 |
f |
f |
|s 43721bbd-b8ea-440d-a70b-432470b73673
|i 026809d9-dce7-44f6-9c36-3f9649ea1268
|t 0
|
| 952 |
f |
f |
|a Texas A&M University
|b College Station
|c Electronic Resources
|d Available Online
|t 0
|e TG315
|h Library of Congress classification
|
| 998 |
f |
f |
|a TG315
|t 0
|l Available Online
|